|
|
|
|
| LEADER |
00978nam a2200241 a 4500 |
| 001 |
GR-MES6325 |
| 008 |
000202s gr 000 0 gre d |
| 020 |
|
|
|a 9607306309
|
| 040 |
|
|
|a GrPaTEI
|b gre
|c GR-PaULI
|
| 040 |
|
|
|a GrPaTEI
|b gre
|c GR-PaULI
|
| 245 |
0 |
0 |
|a Οικονομικά μαθηματικά :
|b Μαθηματικά πίστεως /
|c Δημ. Παπαμιχαήλ.
|
| 260 |
|
|
|a Αθήνα :
|b Σταμούλης,
|c 1993
|
| 300 |
|
|
|a 170 σελ.
|
| 300 |
|
|
|c πιν.,διαγρ.
|
| 650 |
|
4 |
|a Δάνεια
|
| 650 |
|
4 |
|a Μαθηματικά πίστεως
|
| 650 |
|
4 |
|a Οικονομικά μαθηματικά
|
| 650 |
|
4 |
|a ΡΑΝΤΕΣ
|
| 700 |
1 |
|
|a Παπαμιχαήλ, Δ.
|
| 942 |
|
|
|2 ddc
|
| 952 |
|
|
|0 0
|1 0
|2 ddc
|4 0
|6 330_015000000000000_1_ΠΑΠ
|7 0
|9 276699
|a MSLG
|b MSLG
|c BSC
|d 2021-01-17
|e 24
|f 0
|g 0.00
|l 0
|o 330.015 1 ΠΑΠ
|p 2420000017873
|r 2021-01-17 00:00:00
|t 1
|w 2021-01-17
|y BK15
|x 20000202 0 1
|x GrPaTEI
|
| 971 |
|
|
|a .b25847934
|b 16-04-20
|c 14-09-16
|
| 999 |
|
|
|c 160602
|d 160602
|